Managing schools of the future. / (Record no. 108550)
[ view plain ]
| 000 -LEADER | |
|---|---|
| fixed length control field | 00325nam a2200121 a 4500 |
| 005 - DATE AND TIME OF LATEST TRANSACTION | |
| control field | 20140414093828.0 |
| 008 - FIXED-LENGTH DATA ELEMENTS--GENERAL INFORMATION | |
| fixed length control field | 970101s19uu xx 00 eng d |
| 050 ## - LIBRARY OF CONGRESS CALL NUMBER | |
| Classification number | VHS 600 |
| Item number | R 08 t.2 |
| 100 ## - MAIN ENTRY--PERSONAL NAME | |
| Personal name | Teehankee, Dr. Ben |
| 245 ## - TITLE STATEMENT | |
| Title | Managing schools of the future. / |
| Statement of responsibility, etc | by: Dr. Ben Teehankee. |
| 942 ## - ADDED ENTRY ELEMENTS (KOHA) | |
| Koha item type | Audio Visual Materials |
| Withdrawn status | Lost status | Damaged status | Home library | Current library | Shelving location | Date acquired | Source of acquisition | Total Checkouts | Full call number | Barcode | Date last seen | Price effective from | Koha item type |
|---|---|---|---|---|---|---|---|---|---|---|---|---|---|
| Luxembourg Library | Luxembourg Library | Audio Visual Material Section | 04/29/2003 | VHS 600 R 08 t.2 | R60008 | 04/14/2014 | 04/14/2014 | Audio Visual Materials |